Regime change, state crime and transitional justice: a criminal law retrospective concentrating on former Eastern bloc countries

Saved in:  
Bibliographic Details
Authors: Arnold, Jörg 1957- (Author) ; Silverman, Emily (Author)
Format: Print Article
Language:English
Published: 1998
In: European journal of crime, criminal law and criminal justice
Year: 1998, Volume: 6, Issue: 2, Pages: 140-158
Check availability: HBZ Gateway
Keywords:

MARC

LEADER 00000caa a22000002c 4500
001 164006527X
003 DE-627
005 20220608131012.0
007 tu
008 160223s1998 xx ||||| 00| ||eng c
035 |a (DE-627)164006527X 
035 |a (DE-576)456044140 
035 |a (DE-599)BSZ456044140 
040 |a DE-627  |b ger  |c DE-627  |e rakwb 
041 |a eng 
100 1 |a Arnold, Jörg  |d 1957-  |0 (DE-588)1025242203  |0 (DE-627)721907466  |0 (DE-576)370108256  |4 aut 
109 |a Arnold, Jörg 1957-  |a Arnold, J. 1957- 
245 1 0 |a Regime change, state crime and transitional justice: a criminal law retrospective concentrating on former Eastern bloc countries  |c Jörg Arnold, Emily Silverman 
264 1 |c 1998 
336 |a Text  |b txt  |2 rdacontent 
337 |a ohne Hilfsmittel zu benutzen  |b n  |2 rdamedia 
338 |a Band  |b nc  |2 rdacarrier 
700 1 |a Silverman, Emily  |4 aut 
773 0 8 |i In  |t European journal of crime, criminal law and criminal justice  |d Leiden : Nijhoff, 1993  |g 6(1998), 2, Seite 140-158  |w (DE-627)171294025  |w (DE-600)1174549-6  |w (DE-576)038869942  |x 0928-9569  |7 nnas 
773 1 8 |g volume:6  |g year:1998  |g number:2  |g pages:140-158 
776 1 |o 10.1163/157181798X00157 
935 |a mkri 
951 |a AR 
ELC |b 1 
LOK |0 000 xxxxxcx a22 zn 4500 
LOK |0 001 3301345956 
LOK |0 003 DE-627 
LOK |0 004 164006527X 
LOK |0 005 20250721140735 
LOK |0 008 160208||||||||||||||||ger||||||| 
LOK |0 040   |a DE-21-110  |c DE-627  |d DE-21-110 
LOK |0 689   |a s  |a Strafrecht 
LOK |0 689   |a s  |a Vergangenheitsbewältigung 
LOK |0 689   |a s  |a Sozialer Umbruch 
LOK |0 689   |a g  |a Osteuropa 
LOK |0 689   |a s  |a Systemunrecht 
LOK |0 689   |a s  |a Regierungskriminalität 
LOK |0 852   |a DE-21-110 
LOK |0 852 1  |m p  |9 00 
LOK |0 935   |a k110 
LOK |0 938   |k p 
LOK |0 939   |a 08-02-16  |b l01 
ORI |a SA-MARC-krimdoka001.raw